Geometría analítica

Guardat en:
Dades bibliogràfiques
Autor principal: Lehmann, Charles H (Autor)
Format: Llibre
Idioma:espanyol
Publicat: Ciudad de México Limusa 2002
Edició:32a. ed
Matèries:
Etiquetes: Afegir etiqueta
Sense etiquetes, Sigues el primer a etiquetar aquest registre!

MARC

LEADER 00000nam a2200000 a 4500
001 UCL7284
003 CL-VaPUC
005 20230613093055.0
008 040514e20020000MX |||||||||||||||||spa|d
999 |c 309129  |d 309127 
020 |a 9681811763 
040 |c Pontificia Universidad Católica de Valparaíso 
082 0 4 |a 516.3  |b LEH  |2 21 
100 |a Lehmann, Charles H  |e author  |9 598163 
245 1 0 |a Geometría analítica 
250 |a 32a. ed 
260 |a Ciudad de México  |b Limusa  |c 2002 
300 |a 494 p 
583 |a last modification  |c 20040514 00:00:00  |k Rodrigo Vera 
650 0 |a Geometría analítica   |9 260062 
942 |c BK  |2 ddc 
945 |d 20040514 00:00:00  |a cmena 
952 |0 0  |1 0  |4 0  |6 516_300000000000000_LEH_2002  |7 0  |8 A  |9 376449  |a BIBMAT  |b BIBMAT  |d 2019-11-21  |i 4118723  |l 2  |o 516.3 LEH 2002  |p 4118723  |r 2025-01-07  |s 2023-03-15  |w 2019-11-21  |y BK  |k MAT